000 00699nac a22002531ca4500
001 a987677397
008 170707s2015 gw |||| 000u rus d
041 _arus
245 0 0 _aPutešestvie iz Peterburga v Moskvu :
_b222 goda spustja
264 _aMoskva :
_bURSS,
_c2015
650 0 _aStadt
650 0 _aDorf
650 0 _aPutešestvie iz Peterburga v Moskvu
651 0 _aMoskau
651 0 _aSankt Petersburg
700 1 _aNefedova, Tat'jana G.
_eHerausgeberIn
700 1 _aTrejviš, Andrej I.
_eHerausgeberIn
710 2 _aRAN / Institut geografii
710 2 _aRusskoe geografičeskoe obščestvo
942 _cMG
040 _cRU-10907106
003 RU-10907106
999 _c47376
_d47376